近代教育の危機= The crisis of Modern education

Sparad:
Bibliografiska uppgifter
Huvudupphovsman: Ueda, Kaoru
Materialtyp: Bok
Språk:Undetermined
Publicerad: Japan 公明小森 1975
Ämnen:
Taggar: Lägg till en tagg
Inga taggar, Lägg till första taggen!
Thư viện lưu trữ: Trung tâm Học liệu Trường Đại học Cần Thơ
LEADER 00563nam a2200205Ia 4500
001 CTU_232261
008 210402s9999 xx 000 0 und d
082 |a 370.952 
082 |b U22/Vol. 1 
100 |a Ueda, Kaoru 
245 0 |a 近代教育の危機= 
245 4 |b The crisis of Modern education 
245 0 |c Kaoru Ueda (上田薫) 
260 |a Japan 
260 |b 公明小森 
260 |c 1975 
650 |a Giáo dục,Education 
650 |z Nhật Bản,Japan 
910 |a Tuyến 
980 |a Trung tâm Học liệu Trường Đại học Cần Thơ